000 01880cam a22004934i 4500
003 PE-LiUPU
005 20250731173523.0
008 150616s r 000 0 d
020 _a0805460691
035 _a(Sirsi) i9780805460698
040 _aPE-LiUPU
_bspa
_cPE-LiUPU
_erda
049 _aPRUA
082 0 4 _b
_221
100 1 _aTidsworth, Floyd,
_eautor.
245 1 0 _aLife Cycle of a New Congregation.
264 1 _aTennessee :
_bBroadman Press,
_c1992.
300 _a143 páginas ;
_c20 centímetros
336 _atext
_2rdacontent
337 _aunmediated
_2rdamedia
338 _avolume
_2rdacarrier
505 0 _aFactors that affect the life cycle.- Illnesses that retard growth.- Finding a match.- The engagement.- For better or worse.- The blessed event.- Growing upáginas
526 _aSEG42
526 _aSEG41
526 _aSEG40
526 _aSEG39
526 _aP94
526 _aP87
526 _aP86
526 _aP85
526 _aP77
526 _aP76
526 _aP35
650 0 4 _aCRECIMIENTO DE IGLESIA.
910 _ajck
_bjvq
_cjck
942 _2ddc
_cBOOK
949 _a254.5 T52
_wDEWEY
_c1
_i38773
_lCCODEBUL1
_mBUL
_r0
_sY
_tBOOK
_u2015-4-23
_xTEOLOGIA
_zUNKNOWN
_0COMPRA
_o.STAFF. Colección General
949 _a254.5 T52
_wDEWEY
_c2
_i42126
_lCCODEBUL1
_mBUL
_r0
_sY
_tBOOK
_u2015-6-16
_xTEOLOGIA
_zUNKNOWN
_0COMPRA
_o.STAFF. Colección General
994 _aC0
_bPEPRU
596 _a1
999 _a254.5 T52
_wDEWEY
_c59819
_i38773
_f2021-11-10
_g5
_lCCODEBUL1
_mBUL
_r0
_sY
_tBOOK
_u2015-4-23
_xTEOLOGIA
_zUNKNOWN
_0COMPRA
_o.STAFF. Colección General
_d59819
999 _a254.5 T52
_wDEWEY
_c2
_i42126
_f2021-11-10
_g5
_lCCODEBUL1
_mBUL
_r0
_sY
_tBOOK
_u2015-6-16
_xTEOLOGIA
_zUNKNOWN
_0COMPRA
_o.STAFF. Colección General
980 _81
_gALBERTO SANCHEZ Responsable de Automatización